| 000 | 00375nam a2200145Ia 4500 | ||
|---|---|---|---|
| 008 | 230917s9999||||xx |||||||||||||| ||und|| | ||
| 040 |
_e57563 _aMAIN |
||
| 041 | _aEnglish | ||
| 082 | _a891.73 T844W:T | ||
| 100 | _aWaddington, Patrick | ||
| 245 | 0 | _aTurgenev and George Sand: an improbable entente | |
| 260 |
_aLondon _bMacmillan _c1981 |
||
| 300 | _a146 p. | ||
| 942 | _cBK | ||
| 999 |
_c219316 _d219316 |
||